Kushttam (Record no. 17001)

MARC details
000 -LEADER
fixed length control field 00675nam a2200145Ia 4500
008 - FIXED-LENGTH DATA ELEMENTS--GENERAL INFORMATION
fixed length control field 210324s9999||||xx |||||||||||||| ||und||
040 ## - CATALOGING SOURCE
Transcribing agency STCPL
082 ## - DEWEY DECIMAL CLASSIFICATION NUMBER
Classification number 616.998
Item number PEE-K
245 #0 - TITLE STATEMENT
Title Kushttam
Title in other language കുഷ്ഠം
260 ## - PUBLICATION, DISTRIBUTION, ETC.
Place of publication, distribution, etc. Kottayam
Name of publisher, distributor, etc. National Book Stall
Date of publication, distribution, etc. 1970
300 ## - PHYSICAL DESCRIPTION
Extent 225
650 ## - SUBJECT ADDED ENTRY--TOPICAL TERM
Topical term or geographic name entry element GeneralCORPORATE FINANCIAL AND OPERATING SYSTEMENTS, FLOW OF FUNDS ANALYSIS, DEPARECIATION, DEPLETION, AND GOVT. TAXES, OPERATING BUDJETING, INVENTORY VALUATION AND ANALYSIS, CONSOLIDATED FINANCIAL AND OPERATING STATEMETNS, PRICE-VOLUME PROFIT RELATIONS, COMPOUND INTEREST ANALYSIS, CAPITAL BUDJEATETING, MISCELLANEOUS P[ROBLEMS OF VALUATION
942 ## - ADDED ENTRY ELEMENTS (KOHA)
Koha item type Books
041 ## - LANGUAGE CODE
Language code of original Malayalam
Holdings
Withdrawn status Lost status Damaged status Not for loan Home library Current library Shelving location Date acquired Cost, normal purchase price Total Checkouts Full call number Barcode Date last seen Price effective from Koha item type
        ST. THOMAS COLLEGE LIBRARY, PALAI ST. THOMAS COLLEGE LIBRARY, PALAI   2021-07-10 5.00   616.998 PEE-K 26398 2021-07-10 2021-07-10 Books
Rights reserved ©2021 ST. THOMAS COLLEGE LIBRARY
A joint venture of - St. Thomas College Library and
Department of Computer Science, St. Thomas Collge Palai